000 00639 a2200181 4500
999 _c6078
_d6078
020 _a9780323083430
050 _aRJ245 WON 2013
100 _aHockenberry, Marilyn J.
_eeditor
245 _aWong's essentials of pediatric nursing /
_cedited by Marilyn J Hockenberry; David Wilson
250 _aNinth edition
264 _aSt. Louis, Mo. :
_bElsevier/Mosby,
_c♭2013.
300 _axxv, 1194 pages :
_billustrations ; 28 cm
500 _aIncludes bibliographical references and index
650 _aPediatric nursing
700 _aDavid, Wilson
_eeditor
700 _aWong, Donna L.
_eauthor
942 _2lcc
_cBK
_e9th edition
_h245
_iWON
_kRJ